| 000 | 00576nam a2200157 i 4500 | ||
|---|---|---|---|
| 001 | 59123 | ||
| 003 | ES-MaACL | ||
| 007 | t| | ||
| 008 | 031027s1925 mx ||||1| spa d | ||
| 100 | 1 |
_aElguero, Francisco. _946946 |
|
| 245 | 1 | 3 |
_aLa erección de la Colegiata de San Juan de los Lagos-Jalisco _b: apuntaciones históricas / _cpor Francisco Elguero ; publicase la obra con notas y documentos inéditos por Luis P. Romo. |
| 260 |
_aMéxico : _b[s.n., _c1925] ( _fImp. Murgia) |
||
| 300 |
_aXII, 475 p. ; _c23 cm. |
||
| 700 | 1 |
_aRomo, Luis P. _999479 |
|
| 852 |
_aES-MaACL _jG-575 |
||
| 999 |
_c59123 _d59123 |
||